000 01253nam a2200289 a 4500
001 1017
003 BD-RjUL
005 20211208233250.0
008 131124s1973 nyu b 001 0 eng d
035 _a(BD-RjUL)1039
040 _aBD-RjUL
_beng
_cBD-RjUL
041 _aeng
082 _216
_a100
_bMOD
245 0 2 _aA modern introduction to philosophy :
_breadings from classical and contemporary sources /
_cedited by Paul Edwards and Arthur Pap.
250 _a3rd ed.
260 _aNew York :
_bFree Press ;
_aLondon :
_bCollier-Macmillan,
_cc1973.
300 _axix, 868 p. ;
_c24 cm.
490 0 _aFree Press textbooks in philosophy
500 _aPrevious ed.: 1965.
504 _aIncludes bibliographies and indexes.
505 0 _aContents: pt. 1. Determinism, freedom and moral responsibility -- pt. 2. Scepticism and the problem of induction -- pt. 3. Body, mind and death -- pt. 4. Moral judgments -- pt. 5. The existence of God -- pt. 6. Perception and the physical world -- pt. 7. A priori knowledge -- pt. 8. Meaning, verification and metaphysics.
650 0 _aPhilosophy
_vIntroductions.
_92771
700 1 _aEdwards, Paul,
_d1923-2004
_92995
700 1 _aPap, Arthur,
_d1921-1959
_92996
942 _2ddc
_cBK
999 _c1017
_d1017